|
|
|
|
| LEADER |
00000cam a22000004a 4500 |
| 001 |
musev2_74776 |
| 003 |
MdBmJHUP |
| 005 |
20230905051737.0 |
| 006 |
m o d |
| 007 |
cr||||||||nn|n |
| 008 |
990214s1984 mx o 00 0 spa d |
| 020 |
|
|
|a 9786076284445
|
| 020 |
|
|
|z 9789681202859
|
| 035 |
|
|
|a (OCoLC)1062361203
|
| 040 |
|
|
|a MdBmJHUP
|c MdBmJHUP
|
| 100 |
1 |
|
|a García Alba Iduñate, Pascual
|0 (DE-588)170287378
|
| 245 |
1 |
0 |
|a Causas y efectos de la crisis económica en México /
|c Pascual García Alba ; Jaime Serra Puche
|
| 250 |
|
|
|a 1. ed
|
| 264 |
|
1 |
|a Mexico, DF
|b Centro de Estudios Económicos
|c 1984
|
| 264 |
|
3 |
|a Baltimore, Md. :
|b Project MUSE,
|c 2020
|
| 264 |
|
4 |
|c ©1984
|
| 300 |
|
|
|a 1 online resource.
|
| 336 |
|
|
|a text
|b txt
|2 rdacontent
|
| 337 |
|
|
|a computer
|b c
|2 rdamedia
|
| 338 |
|
|
|a online resource
|b cr
|2 rdacarrier
|
| 490 |
0 |
|
|a Jornadas
|a El Colegio de Mexico
|v 104
|
| 500 |
|
|
|a Engl. Ausg. u.d.T.: García Alba, Pascual: Financial aspects of macroeconomic management in Mexico
|
| 506 |
0 |
|
|a Open Access
|f Unrestricted online access
|2 star
|
| 546 |
|
|
|a Aus d. Engl. übers.
|
| 588 |
|
|
|a Description based on print version record.
|
| 650 |
|
7 |
|a Mexiko
|0 (DE-601)091377633
|0 (DE-STW)17790-2
|2 stw
|
| 650 |
|
7 |
|a Inflation
|0 (DE-601)091367360
|0 (DE-STW)11506-6
|2 stw
|
| 650 |
|
7 |
|a Finanzpolitik
|0 (DE-601)09135997X
|0 (DE-STW)11728-2
|2 stw
|
| 650 |
|
7 |
|a Wirtschaftspolitik
|0 (DE-601)091401143
|0 (DE-STW)10987-4
|2 stw
|
| 650 |
|
4 |
|a Wirtschaftspolitik
|x Finanzpolitik
|x Inflation
|x Mexiko
|
| 655 |
|
7 |
|a Electronic books.
|2 local
|
| 700 |
1 |
|
|a Serra Puche, Jaime,
|e Honoree.
|4 hnr
|0 (DE-588)170287394
|
| 710 |
2 |
|
|a Project Muse.
|e distributor
|
| 830 |
|
0 |
|a Book collections on Project MUSE.
|
| 856 |
4 |
0 |
|z Texto completo
|u https://projectmuse.uam.elogim.com/book/74776/
|